| 000 | 00707nam a2200217 u 4500 | ||
|---|---|---|---|
| 005 | 20250116063814.0 | ||
| 008 | 150622s2012 r 000 0 eng d | ||
| 020 | _a9788437088600 | ||
| 035 | _aUPN01000204431 | ||
| 049 | _aCG | ||
| 050 | 4 |
_aLC191.8 E5 _bB3.4 |
|
| 100 | 1 |
_aBascuñán Cortés, Javier _937851 |
|
| 245 | 1 | 0 |
_aInstruir, proteger, vigilar : _bhistorias de la educación social y política / _cJavier Bascuñán Cortés. |
| 260 |
_aValencia, Esp. : _bUniversitat de València, _c2012. |
||
| 300 | _a207 p. | ||
| 440 | 0 |
_aCIE minor ; _v62 |
|
| 650 | 4 |
_aEducación _xAspectos sociales _zEspaña _97387 |
|
| 650 | 4 |
_aEducación _xAspectos políticos _91614 |
|
| 905 | _aLibro | ||
| 999 |
_c176532 _d176532 |
||